AFL Clubs Last 5 Captains - Statistics

General Stats
  • This quiz has been taken 300 times
    87 since last reset
  • The average score is 45 of 91
Answer Stats
Club Captaincy Answer % Correct
Adelaide 2023 - Present Jordan Dawson
94%
Brisbane 2023 - 2025 Lachie Neale
92%
Carlton 2019 - Present Patrick Cripps
90%
Geelong 2023 - Present Patrick Dangerfield
87%
Brisbane 2023 - Present Harris Andrews
86%
Geelong 2012 - 2022 Joel Selwood
85%
Melbourne 2020 - Present Max Gawn
83%
Collingwood 2023 - Present Darcy Moore
79%
Collingwood 2014 - 2022 Scott Pendlebury
79%
Adelaide 2015 - 2019 Taylor Walker
79%
GWS 2022 - Present Toby Greene
77%
Essendon 2023 - 2025 Zach Merrett
77%
Western Bulldogs 2020 - Present Marcus Bontempelli
76%
Gold Coast 2025 - Present Noah Anderson
75%
Fremantle 2023 - Present Alex Pearce
73%
Essendon 2026 - Present Andrew McGrath
72%
Port Adelaide 2024 - Present Connor Rozee
72%
Brisbane 2018 - 2022 Dayne Zorko
72%
Hawthorn 2023 - Present James Sicily
70%
Fremantle 2017 - 2022 Nathan Fyfe
70%
Richmond 2013 - 2021 Trent Cotchin
69%
Essendon 2017 - 2022 Dyson Heppell
68%
Gold Coast 2022 - 2024 Touk Miller
68%
Adelaide 2019 - 2022 Rory Sloane
65%
North Melbourne 2026 - Present Nick Larkey
63%
Hawthorn 2026 - Present Jai Newcombe
62%
Carlton 2013 - 2018 Marc Murphy
62%
Western Bulldogs 2015 -2017 Robert Murphy
62%
Richmond 2022 - Present Toby Nankervis
62%
Gold Coast 2019 - 2021 David Swallow
61%
Essendon 2010 - 2016 Jobe Watson
61%
North Melbourne 2012 - 2016 Andrew Swallow
59%
St Kilda 2021 - 2025 Jack Steele
58%
Brisbane 2026 - Present Josh Dunkley
58%
Port Adelaide 2019 Ollie Wines
56%
GWS 2012 - 2019 Callan Ward
55%
Carlton 2008 - 2012 Chris Judd
55%
Port Adelaide 2013 - 2018 Travis Boak
55%
Brisbane 2026 - Present Hugh McCluggage
54%
Fremantle 2007 - 2015 Matthew Pavlich
52%
North Melbourne 2023 - 2025 Jy Simpkin
51%
Melbourne 2014 - 2019 Nathan Jones
51%
Collingwood 1999 - 2007 Nathan Buckley
49%
St Kilda 2026 - Present Callum Wilkie
48%
Fremantle 2016 David Mundy
48%
Sydney 2022 - Present Callum Mills
45%
St Kilda 2026 - Present Jack Sinclair
45%
St Kilda 2005, 2007 - 2016 Nick Riewoldt
45%
Gold Coast 2017 - 2018 Tom Lynch
45%
Sydney 2021 - 2023 Luke Parker
44%
Collingwood 2009 - 2013 Nick Maxwell
44%
Melbourne 2017 - 2019 Jack Viney
42%
West Coast 2026 - Present Liam Baker
42%
GWS 2020 - 2022 Stephen Coniglio
42%
Geelong 2010 - 2011 Cameron Ling
41%
Sydney 2021 - 2023 Dane Rampe
41%
GWS 2022 Josh Kelly
41%
Essendon 2016 Brendon Goddard
39%
Gold Coast 2019 - 2024 Jarrod Witts
39%
West Coast 2024 - 2025 Oscar Allen
39%
Western Bulldogs 2018 - 2019 Easton Wood
37%
Hawthorn 2017 - 2018 Jarryd Roughead
37%
Richmond 2005 - 2008 Kane Johnson
37%
West Coast 2014 - 2019 Shannon Hurn
37%
West Coast 2024 - Present Liam Duggan
35%
West Coast 2020 - 2023 Luke Shuey
35%
Sydney 2017 - 2021 Josh Kennedy
34%
North Melbourne 2017 - 2022 Jack Ziebell
32%
GWS 2012 - 2019 Phil Davis
32%
Melbourne 2012 - 2014 Jack Grimes
31%
Carlton 2019 - 2021 Sam Docherty
31%
Gold Coast 2017 - 2018 Steven May
30%
Port Adelaide 2019 - 2023 Tom Jonas
30%
Richmond 2022 - 2023 Dylan Grimes
28%
North Melbourne 2023 - 2024 Luke McDonald
28%
Geelong 2007 - 2009 Tom Harley
27%
St Kilda 2017 - 2021 Jarryn Geary
25%
Sydney 2013 - 2016 Kieren Jack
25%
Hawthorn 2021 - 2022 Ben McEvoy
24%
Western Bulldogs 2011 - 2013 Matthew Boyd
23%
Adelaide 2011 - 2014 Nathan van Berlo
23%
Geelong 2003 - 2006 Steven King
23%
Hawthorn 2019 - 2020 Ben Stratton
21%
Melbourne 2012 - 2013 Jack Trengrove
20%
Fremantle 2002 - 2006 Peter Bell
20%
Collingwood 2008 Scott Burns
18%
Richmond 2009 - 2012 Chris Newman
15%
Western Bulldogs 2014 Ryan Griffen
13%
Port Adelaide 2009 - 2012 Domenic Cassisi
10%
Carlton 2007 Lance Whitnall
10%
Adelaide 2008 - 2010 Simon Goodwin
8%
No matching quizzes found
Score Distribution
Percent of People with Each Score
Percentile by Number Answered
Your Score History
You have not taken this quiz since the last reset